[Event "Bangabandhu-chT"]
[Site "Dhaka"]
[Date "2024.02.11"]
[Round "11.2"]
[White "Rahman, Syed Mahfuzur"]
[Black "Mrittika, Mallick"]
[Result "1/2-1/2"]
[WhiteElo "2164"]
[BlackElo "1936"]
[PlyCount "67"]
[EventDate "2024.02.01"]
[EventType "team-tourn"]
[EventRounds "11"]
[EventCountry "BAN"]
[SourceTitle "CB07_2024"]
[SourceDate "2024.02.14"]
[SourceVersion "1"]
[SourceVersionDate "2024.02.14"]
[SourceQuality "1"]
[WhiteTeam "Janata Bank Welfare Society"]
[BlackTeam "Rupali Bank Krira Parshid"]
[WhiteTeamCountry "BAN"]
[BlackTeamCountry "BAN"]

1. c4 c6 2. e4 e6 3. Nc3 d5 4. d4 dxe4 5. Nxe4 Bb4+ 6. Bd2 Bxd2+ 7. Qxd2 Nf6 8. Nxf6+ Qxf6 9. Nf3 0-0 10. Bd3 Nd7 11. 0-0 c5 12. Qe3 cxd4 13. Qxd4 Qxd4 14. Nxd4 Nc5 15. Be2 a5 16. Rfd1 e5 17. Nb5 Be6 18. b3 Rad8 19. Kf1 f5 20. Ke1 f4 21. Rxd8 Rxd8 22. Rd1 Rxd1+ 23. Kxd1 Bf5 24. f3 Kf8 25. Kd2 Ke7 26. Bd1 g5 27. a3 Bg6 28. b4 axb4 29. axb4 Nd3 30. Bc2 Nxb4 31. Bxg6 hxg6 32. Nc3 Nc6 33. Ne4 Nd4 34. Nxg5 1/2-1/2

[Event "Bangabandhu-chT"]
[Site "Dhaka"]
[Date "2024.02.07"]
[Round "7.2"]
[White "Mohammad, Nubairshah Shaikh"]
[Black "Mrittika, Mallick"]
[Result "1-0"]
[WhiteElo "2415"]
[BlackElo "1936"]
[PlyCount "57"]
[EventDate "2024.02.01"]
[EventType "team-tourn"]
[EventRounds "11"]
[EventCountry "BAN"]
[SourceTitle "CB07_2024"]
[SourceDate "2024.02.14"]
[SourceVersion "1"]
[SourceVersionDate "2024.02.14"]
[SourceQuality "1"]
[WhiteTeam "Titas Club"]
[BlackTeam "Rupali Bank Krira Parshid"]
[WhiteTeamCountry "BAN"]
[BlackTeamCountry "BAN"]

1. Nf3 d5 2. g3 Nf6 3. Bg2 Bf5 4. c4 c6 5. Qb3 Qb6 6. d3 e6 7. Be3 Qb4+ 8. Nc3 a5 9. Nh4 Bg6 10. 0-0 a4 11. Qxb4 Bxb4 12. a3 Bxc3 13. Nxg6 hxg6 14. bxc3 dxc4 15. Rfb1 cxd3 16. exd3 Nd5 17. Bd4 b5 18. c4 bxc4 19. dxc4 Nf6 20. Bc5 Nbd7 21. Bd6 Ra6 22. Rb7 Kd8 23. Rd1 Rh5 24. f4 Rha5 25. Be5 Ke8 26. Bc3 Rc5 27. Bf1 g5 28. Bb4 gxf4 29. Bxc5 1-0

[Event "Bangabandhu-chT"]
[Site "Dhaka"]
[Date "2024.02.06"]
[Round "6.2"]
[White "Mrittika, Mallick"]
[Black "Ahmed, Sk Nasir"]
[Result "1-0"]
[WhiteElo "1936"]
[BlackElo "2182"]
[PlyCount "77"]
[EventDate "2024.02.01"]
[EventType "team-tourn"]
[EventRounds "11"]
[EventCountry "BAN"]
[SourceTitle "CB07_2024"]
[SourceDate "2024.02.14"]
[SourceVersion "1"]
[SourceVersionDate "2024.02.14"]
[SourceQuality "1"]
[WhiteTeam "Rupali Bank Krira Parshid"]
[BlackTeam "Bangladesh Navy"]
[WhiteTeamCountry "BAN"]
[BlackTeamCountry "BAN"]

1. e4 c5 2. Nf3 e6 3. d4 cxd4 4. Nxd4 Nc6 5. Nxc6 bxc6 6. Bd3 Nf6 7. 0-0 d5 8. Nc3 Be7 9. Qe2 0-0 10. b3 Re8 11. Bb2 Bf8 12. Rad1 Qc7 13. f4 Bb7 14. Kh1 Rad8 15. Rf3 g6 16. Rdf1 Bg7 17. e5 Nd7 18. Qf2 Qa5 19. Rh3 a6 20. Qh4 Nf8 21. Ne2 c5 22. Bc3 Qc7 23. Ng3 Rc8 24. Re1 Qe7 25. Qg4 d4 26. Bd2 f5 27. exf6 Qxf6 28. Ne4 Bxe4 29. Rxe4 Rc6 30. Qe2 e5 31. fxe5 Rxe5 32. Rf3 Qd6 33. Bc4+ Ne6 34. Bf4 Rxe4 35. Qxe4 Qd7 36. Qd5 Qc8 37. Be5 Kh8 38. Bxg7+ Nxg7 39. Qxc6 1-0

[Event "IND-ch U15 Girls 39th"]
[Site "Jalgaon"]
[Date "2024.01.01"]
[Round "8"]
[White "Mrittika, Mallick"]
[Black "Nivedita, VC."]
[Result "1-0"]
[WhiteElo "1970"]
[BlackElo "1638"]
[PlyCount "65"]
[EventDate "2023.12.27"]
[EventType "swiss"]
[EventRounds "11"]
[EventCountry "IND"]
[SourceTitle "CB02_2024"]
[SourceDate "2024.01.10"]
[SourceVersion "1"]
[SourceVersionDate "2024.01.10"]
[SourceQuality "1"]

1. e4 b6 2. d4 Bb7 3. Nc3 e6 4. f3 d6 5. Be3 g6 6. Qd2 Bg7 7. h4 h5 8. 0-0-0 Nf6 9. Nh3 Nbd7 10. Bg5 Qe7 11. Bd3 0-0-0 12. Qe2 e5 13. Nd5 Qe8 14. Bb5 Nxd5 15. Bxd8 Qxd8 16. exd5 exd4 17. Bc6 Bxc6 18. dxc6 Nb8 19. Qc4 d5 20. Qa4 a6 21. Ng5 Qd6 22. Kb1 Rf8 23. Rhe1 Qxc6 24. Qa3 Kb7 25. Re7 Bf6 26. Rxc7+ Qxc7 27. Qxf8 d3 28. cxd3 Qe5 29. Qxf7+ Ka8 30. d4 Qf5+ 31. Ka1 Qc2 32. Qxd5+ Ka7 33. Qb3 1-0

[Event "IND-ch U15 Girls 39th"]
[Site "Jalgaon"]
[Date "2023.12.31"]
[Round "6"]
[White "Mrittika, Mallick"]
[Black "Chaarvi, Choudhury"]
[Result "1-0"]
[WhiteElo "1970"]
[BlackElo "1468"]
[PlyCount "81"]
[EventDate "2023.12.27"]
[EventType "swiss"]
[EventRounds "11"]
[EventCountry "IND"]
[SourceTitle "CB02_2024"]
[SourceDate "2024.01.10"]
[SourceVersion "1"]
[SourceVersionDate "2024.01.10"]
[SourceQuality "1"]

1. e4 c5 2. Nf3 e6 3. b3 d5 4. exd5 exd5 5. Bb5+ Nc6 6. 0-0 Be7 7. Re1 Nf6 8. Qe2 Bg4 9. Bxc6+ bxc6 10. Ba3 Ne4 11. d3 Ng5 12. Qxe7+ Qxe7 13. Rxe7+ Kxe7 14. Nxg5 Kf6 15. Nf3 Bxf3 16. gxf3 c4 17. bxc4 dxc4 18. d4 Rhd8 19. c3 Re8 20. Kf1 Ke6 21. Bc5 Kd5 22. Na3 f5 23. Nc2 f4 24. Nb4+ Ke6 25. Nxc6 Rac8 26. Nxa7 Rb8 27. Nc6 Rb2 28. a4 Rc2 29. Re1+ Kf7 30. Rxe8 Kxe8 31. Bb4 Rc1+ 32. Kg2 Kd7 33. Ne5+ Ke6 34. Nxc4 Kd5 35. Nb6+ Kc6 36. a5 Rd1 37. d5+ Kb5 38. d6 g5 39. d7 Kc6 40. Be7 Kc7 41. d8Q+ 1-0

[Event "Meghalaya op 1st"]
[Site "Shillong"]
[Date "2023.12.16"]
[Round "5"]
[White "Mrittika, Mallick"]
[Black "Sureka, Akshat"]
[Result "0-1"]
[WhiteElo "1970"]
[BlackElo "1808"]
[PlyCount "98"]
[EventDate "2023.12.13"]
[EventType "swiss"]
[EventRounds "10"]
[EventCountry "IND"]
[SourceTitle "CB52_2023"]
[SourceDate "2023.12.27"]
[SourceVersion "1"]
[SourceVersionDate "2023.12.27"]
[SourceQuality "1"]

1. e4 c6 2. d4 d5 3. Nc3 dxe4 4. Nxe4 Nf6 5. Qd3 Nxe4 6. Qxe4 Nd7 7. Nf3 Nf6 8. Qf4 g6 9. Bd3 Bg7 10. 0-0 0-0 11. c4 c5 12. Qh4 cxd4 13. Bg5 Qd6 14. Rfe1 Re8 15. Bf4 Qb6 16. Be5 Ng4 17. Bxg7 Kxg7 18. h3 Nf6 19. b3 Qd6 20. Re5 b6 21. Be4 Rb8 22. Rd1 Rd8 23. Rxd4 Qxe5 24. Nxe5 Rxd4 25. f3 Bb7 26. Qf2 Rd1+ 27. Kh2 Bxe4 28. fxe4 Rbd8 29. Ng4 Nxe4 30. Qf4 Nf6 31. Qe5 h5 32. Ne3 R1d4 33. Nd5 Re4 34. Qc3 Kg8 35. Nxe7+ Rxe7 36. Qxf6 Rde8 37. Qc6 Re2 38. b4 Rd8 39. h4 Rdd2 40. Qa8+ Kg7 41. Qxa7 Rxg2+ 42. Kh3 Rg4 43. Qe7 Rd3+ 44. Kh2 Rxc4 45. Qe2 Rdc3 46. Qe5+ Kh7 47. Qf6 Rc2+ 48. Kg1 Rc7 49. Qxb6 Rd7 0-1

[Event "IND-ch U19 Girls"]
[Site "Ahmedabad"]
[Date "2023.09.27"]
[Round "10"]
[White "Jain, Ashita"]
[Black "Mrittika, Mallick"]
[Result "0-1"]
[WhiteElo "1564"]
[BlackElo "2059"]
[PlyCount "120"]
[EventDate "2023.09.20"]
[EventType "swiss"]
[EventRounds "11"]
[EventCountry "IND"]
[SourceTitle "EXT 2024"]
[Source "ChessBase"]
[SourceDate "2023.10.10"]
[SourceVersion "1"]
[SourceVersionDate "2023.10.10"]
[SourceQuality "1"]

1. d4 d5 2. c4 c6 3. cxd5 cxd5 4. Nc3 Nf6 5. Bf4 Nc6 6. e3 Bf5 7. Qb3 Na5 8. Qa4+ Bd7 9. Qc2 e6 10. Bd3 Rc8 11. Nf3 b5 12. Qe2 b4 13. Nb5 Qb6 14. Ne5 a6 15. Nxd7 Nxd7 16. Nc7+ Rxc7 17. Bxc7 Qxc7 18. 0-0 Bd6 19. Rac1 Qb8 20. h3 0-0 21. Bxa6 Nf6 22. Bd3 Qb6 23. Rfd1 e5 24. dxe5 Bxe5 25. Qc2 Bd6 26. b3 Re8 27. Be2 Ne4 28. Bd3 Nc3 29. Bxh7+ Kh8 30. Qf5 Re5 31. Qxf7 Kxh7 32. Rd2 Nc6 33. Qd7 Bc5 34. Re1 d4 35. Qg4 Kg8 36. e4 d3 37. Qc8+ Kh7 38. Rf1 Nxe4 39. Rxd3 Bxf2+ 40. Kh2 Rg5 41. Qd7 Qb8+ 42. Kh1 Ne5 43. Qd5 Ng3+ 44. Rxg3 Bxg3 45. Qe4+ Ng6 46. Rf5 Qd6 47. Rf1 Kh6 48. Qf3 Bf4 49. Rd1 Qe5 50. Rf1 Rg3 51. Qf2 Qh5 52. Re1 Rg5 53. Rf1 Be5 54. Qe3 Nf4 55. Rg1 Qh4 56. Qb6+ Rg6 57. Qe3 Rg3 58. Qd2 Kh7 59. Qc2+ g6 60. Rf1 Rxg2 0-1

[Event "IND-ch U19 Girls"]
[Site "Ahmedabad"]
[Date "2023.09.25"]
[Round "8"]
[White "Kanishka, S."]
[Black "Mrittika, Mallick"]
[Result "1/2-1/2"]
[WhiteElo "1716"]
[BlackElo "2059"]
[PlyCount "125"]
[EventDate "2023.09.20"]
[EventType "swiss"]
[EventRounds "11"]
[EventCountry "IND"]
[SourceTitle "EXT 2024"]
[Source "ChessBase"]
[SourceDate "2023.10.10"]
[SourceVersion "1"]
[SourceVersionDate "2023.10.10"]
[SourceQuality "1"]

1. c4 c6 2. d4 d5 3. cxd5 cxd5 4. Nc3 Nf6 5. Bf4 Nc6 6. e3 Bf5 7. Nf3 e6 8. Qb3 Bb4 9. Bb5 Qa5 10. 0-0 0-0 11. Bxc6 bxc6 12. Rfc1 c5 13. dxc5 Bxc5 14. Qb5 Bb4 15. Qxa5 Bxa5 16. Nd4 Bd3 17. Nc6 Bb6 18. b4 Ne4 19. Nxe4 dxe4 20. a4 a6 21. Ra3 f6 22. Bd6 Rfe8 23. Rac3 Kf7 24. Nd4 e5 25. Nb3 Re6 26. Rc6 Rd8 27. Rxb6 Rdxd6 28. Rc7+ Re7 29. Rxe7+ Kxe7 30. Rb7+ Rd7 31. Rxd7+ Kxd7 32. f3 Kc6 33. fxe4 Bc2 34. Na5+ Kc7 35. b5 axb5 36. axb5 Bxe4 37. Nc4 Bg6 38. b6+ Kc6 39. Kf2 Bd3 40. b7 Kxb7 41. Nd6+ Kc6 42. Ne8 Bg6 43. Nxg7 Kd6 44. g4 h6 45. Kf3 Kd5 46. h4 Bc2 47. Ne8 f5 48. gxf5 Bxf5 49. Nf6+ Ke6 50. Nh5 Bc2 51. Ng3 Kf6 52. e4 Bd1+ 53. Ke3 Kg6 54. Kd3 Bb3 55. Kc3 Ba2 56. Kb4 Bb1 57. Kc5 Bxe4 58. Nxe4 Kh5 59. Kd5 Kxh4 60. Kxe5 h5 61. Kf4 Kh3 62. Kf3 Kh4 63. Kf4 1/2-1/2

[Event "IND-ch U19 Girls"]
[Site "Ahmedabad"]
[Date "2023.09.23"]
[Round "5"]
[White "Mrittika, Mallick"]
[Black "Shubhi, Gupta"]
[Result "1-0"]
[WhiteElo "2059"]
[BlackElo "1761"]
[PlyCount "55"]
[EventDate "2023.09.20"]
[EventType "swiss"]
[EventRounds "11"]
[EventCountry "IND"]
[SourceTitle "EXT 2024"]
[Source "ChessBase"]
[SourceDate "2023.10.10"]
[SourceVersion "1"]
[SourceVersionDate "2023.10.10"]
[SourceQuality "1"]

1. e4 e5 2. Nf3 Nc6 3. Bc4 Bc5 4. d3 d6 5. c3 Nf6 6. 0-0 0-0 7. Bg5 h6 8. Bh4 g5 9. Bg3 Bg4 10. Nbd2 a5 11. a4 Ba7 12. Re1 Nh5 13. h3 Bxh3 14. Nxe5 Nxg3 15. Nxc6 bxc6 16. gxh3 d5 17. d4 Nxe4 18. Nxe4 dxe4 19. Rxe4 Qf6 20. Qh5 Kg7 21. Rae1 Rab8 22. R1e3 Qg6 23. Qf3 c5 24. Re7 Rb6 25. Bd3 Qf6 26. Qe4 Rh8 27. Rf3 Re6 28. Rxf6 1-0

[Event "Asia-ch Blitz U20 Girls"]
[Site "Jamshedpur"]
[Date "2023.09.15"]
[Round "1"]
[White "Charvi, A."]
[Black "Mrittika, Mallick"]
[Result "0-1"]
[WhiteElo "1416"]
[BlackElo "1889"]
[PlyCount "134"]
[EventDate "2023.09.15"]
[EventType "swiss (blitz)"]
[EventRounds "9"]
[EventCountry "IND"]
[SourceTitle "EXT 2024"]
[Source "ChessBase"]
[SourceDate "2023.10.10"]
[SourceVersion "1"]
[SourceVersionDate "2023.10.10"]
[SourceQuality "1"]

1. e4 c6 2. d4 d5 3. Nc3 dxe4 4. Nxe4 Nf6 5. Nxf6+ exf6 6. Nf3 Bd6 7. Be2 0-0 8. 0-0 Re8 9. Be3 Nd7 10. c4 Nf8 11. Qc2 f5 12. Rfe1 f4 13. Bd2 Bg4 14. Bc3 Ng6 15. h3 Bxf3 16. Bxf3 Qg5 17. Bg4 Nh4 18. Kh1 h5 19. Bf3 Qh6 20. c5 Bf8 21. Re4 g5 22. Rae1 Rxe4 23. Qxe4 g4 24. Bd1 Ng6 25. Rg1 Bg7 26. f3 g3 27. Bd2 Qg5 28. Bc2 Rd8 29. Bc3 Qd5 30. Qxd5 Rxd5 31. Bxg6 fxg6 32. Rd1 b6 33. cxb6 axb6 34. Rd2 Kf7 35. Kg1 g5 36. Kf1 Ke6 37. Re2+ Kf7 38. Rd2 Bf6 39. Ke2 Rd8 40. Kd3 Kg6 41. Kc4 Kf5 42. Re2 g4 43. hxg4+ hxg4 44. fxg4+ Kxg4 45. Re4 Kf5 46. Re2 Rh8 47. d5 cxd5+ 48. Kxd5 Bxc3 49. bxc3 Rc8 50. c4 Kg4 51. Re4 Rc5+ 52. Kd4 Ra5 53. Kd3 Rxa2 54. Kd4 Rxg2 55. Kd5 Rb2 56. Kc6 Kf3 57. Rd4 g2 58. Rd1 Kg3 59. Re1 f3 60. Rd1 f2 61. Rc1 f1Q 62. Rxf1 gxf1Q 63. Kc7 Qxc4+ 64. Kb7 b5 65. Ka7 b4 66. Ka8 Qb5 67. Ka7 Ra2# 0-1

[Event "Asia-ch Blitz U20 Girls"]
[Site "Jamshedpur"]
[Date "2023.09.15"]
[Round "8"]
[White "Mrittika, Mallick"]
[Black "Adra, P."]
[Result "1-0"]
[WhiteElo "1889"]
[BlackElo "1365"]
[PlyCount "71"]
[EventDate "2023.09.15"]
[EventType "swiss (blitz)"]
[EventRounds "9"]
[EventCountry "IND"]
[SourceTitle "EXT 2024"]
[Source "ChessBase"]
[SourceDate "2023.10.10"]
[SourceVersion "1"]
[SourceVersionDate "2023.10.10"]
[SourceQuality "1"]

1. e4 e6 2. d4 d5 3. Nd2 dxe4 4. Nxe4 Nd7 5. Nf3 Ngf6 6. Ng3 c5 7. c3 Be7 8. Bd3 0-0 9. 0-0 b6 10. Ng5 h6 11. N5e4 Bb7 12. Nxf6+ Nxf6 13. Bc2 Rc8 14. Be3 Nd5 15. Qd3 f5 16. Nh5 Nxe3 17. fxe3 Bg5 18. Qe2 Qe8 19. Nf4 Qd7 20. Ng6 Rf6 21. Ne5 Qd5 22. Rf2 Rcf8 23. Bb3 Qd6 24. Rd1 f4 25. e4 Qe7 26. Nf3 Rg6 27. Ne5 Rgf6 28. Nf3 Rg6 29. Re1 Kh8 30. Ne5 Rgf6 31. Qh5 f3 32. Ng6+ Rxg6 33. Qxg6 fxg2 34. Rxf8+ Qxf8 35. Qxe6 Qf3 36. Qg8# 1-0

[Event "Asia-ch Blitz U20 Girls"]
[Site "Jamshedpur"]
[Date "2023.09.15"]
[Round "2"]
[White "Mrittika, Mallick"]
[Black "Sasvatha, A."]
[Result "1-0"]
[WhiteElo "1889"]
[BlackElo "1495"]
[PlyCount "101"]
[EventDate "2023.09.15"]
[EventType "swiss (blitz)"]
[EventRounds "9"]
[EventCountry "IND"]
[SourceTitle "EXT 2024"]
[Source "ChessBase"]
[SourceDate "2023.10.10"]
[SourceVersion "1"]
[SourceVersionDate "2023.10.10"]
[SourceQuality "1"]

1. e4 c6 2. d4 d5 3. Nc3 a6 4. Be3 Nf6 5. f3 e6 6. Qd2 Bb4 7. e5 Ng8 8. f4 g6 9. a3 Qa5 10. Nge2 b5 11. g3 Nd7 12. Bg2 Nb6 13. Kf2 Bxc3 14. Qxc3 Qxc3 15. Nxc3 Nc4 16. Bc1 Ne7 17. b3 Nb6 18. g4 h5 19. h3 hxg4 20. hxg4 Rxh1 21. Bxh1 Bd7 22. a4 Kf8 23. Be3 Kg7 24. Bf3 b4 25. a5 bxc3 26. axb6 Bc8 27. Bc1 Rb8 28. Ba3 Rb7 29. Be2 Rd7 30. Bxe7 Rxe7 31. Bxa6 Bxa6 32. Rxa6 Rb7 33. Ke3 g5 34. fxg5 Kg6 35. Kd3 Kxg5 36. Kxc3 Kxg4 37. Kb4 Kf4 38. Kc5 Ke4 39. Ra7 Rb8 40. Rxf7 Ke3 41. b7 Ke4 42. Kxc6 Kxd4 43. Kd6 Kc3 44. Rc7+ Kb2 45. Kxe6 d4 46. Kd5 d3 47. cxd3 Kxb3 48. Kc6 Kc3 49. Rc8 Rxb7 50. Kxb7+ Kxd3 51. e6 1-0

[Event "Asia-ch U20 Girls"]
[Site "Jamshedpur"]
[Date "2023.09.14"]
[Round "8"]
[White "Mrittika, Mallick"]
[Black "Mrudul, Dehankar"]
[Result "1/2-1/2"]
[WhiteElo "2059"]
[BlackElo "2059"]
[PlyCount "125"]
[EventDate "2023.09.09"]
[EventType "swiss"]
[EventRounds "9"]
[EventCountry "IND"]
[SourceTitle "EXT 2024"]
[Source "ChessBase"]
[SourceDate "2023.10.10"]
[SourceVersion "1"]
[SourceVersionDate "2023.10.10"]
[SourceQuality "1"]

1. e4 c6 2. d4 d5 3. Nc3 dxe4 4. Nxe4 Nf6 5. Qd3 Nxe4 6. Qxe4 Qd5 7. Qf4 Bf5 8. c4 Qe4+ 9. Qxe4 Bxe4 10. Be3 e6 11. 0-0-0 Nd7 12. f3 Bg6 13. h4 h6 14. Ne2 Be7 15. Nc3 0-0 16. h5 Bh7 17. Be2 a5 18. Bd3 Bxd3 19. Rxd3 a4 20. Kc2 Rfc8 21. b3 axb3+ 22. axb3 b5 23. c5 Nf6 24. b4 Ra3 25. g4 Rca8 26. Bc1 Ra1 27. Rh2 Bd8 28. Rg2 Bc7 29. Rd1 Nd5 30. Nxd5 exd5 31. Bb2 Rxd1 32. Kxd1 Bf4 33. Re2 Kf8 34. Kc2 Ra4 35. Kb3 Ra7 36. Kc2 Re7 37. Rf2 Re1 38. Bc3 Re7 39. Bb2 f6 40. Bc3 Kf7 41. Bd2 Be3 42. Bxe3 Rxe3 43. Rf1 Ra3 44. Kd2 Ke6 45. Re1+ Kf7 46. Re3 Ra2+ 47. Kc3 Ra3+ 48. Kd2 Ra2+ 49. Kc3 Rf2 50. Kd3 Ra2 51. Kc3 Ra7 52. Kb2 Re7 53. Ra3 f5 54. gxf5 Kf6 55. Ra6 Rc7 56. Ra1 Kxf5 57. Rg1 Kf4 58. Rg6 Kxf3 59. Kc3 Ke3 60. Re6+ Kf4 61. Rg6 Ke3 62. Re6+ Kf4 63. Rg6 1/2-1/2

[Event "Asia-ch U20 Girls"]
[Site "Jamshedpur"]
[Date "2023.09.11"]
[Round "4"]
[White "Bhagyashree, Patil"]
[Black "Mrittika, Mallick"]
[Result "1/2-1/2"]
[WhiteElo "1879"]
[BlackElo "2059"]
[PlyCount "62"]
[EventDate "2023.09.09"]
[EventType "swiss"]
[EventRounds "9"]
[EventCountry "IND"]
[SourceTitle "EXT 2024"]
[Source "ChessBase"]
[SourceDate "2023.10.10"]
[SourceVersion "1"]
[SourceVersionDate "2023.10.10"]
[SourceQuality "1"]

1. d4 d5 2. Nf3 Nf6 3. e3 Bf5 4. b3 e6 5. Bb2 Be7 6. Bd3 Ne4 7. 0-0 0-0 8. c4 Nc6 9. a3 a5 10. Qc2 Bg6 11. Nc3 Nxc3 12. Bxc3 a4 13. Bxg6 hxg6 14. bxa4 dxc4 15. Nd2 Qd5 16. Rfb1 Qh5 17. Nxc4 b6 18. Bb4 f6 19. Nd2 Nxb4 20. axb4 Bd6 21. h3 g5 22. Ne4 f5 23. Nxd6 cxd6 24. Qc6 f4 25. Qxd6 Rae8 26. Rb3 Qe2 27. Qe5 Qc2 28. Rab1 Rf5 29. R3b2 Qd3 30. Rb3 Qc2 31. R3b2 Qd3 1/2-1/2

[Event "Asia-ch U20 Girls"]
[Site "Jamshedpur"]
[Date "2023.09.10"]
[Round "3"]
[White "Mrittika, Mallick"]
[Black "Shubhi, Gupta"]
[Result "1/2-1/2"]
[WhiteElo "2059"]
[BlackElo "1761"]
[PlyCount "54"]
[EventDate "2023.09.09"]
[EventType "swiss"]
[EventRounds "9"]
[EventCountry "IND"]
[SourceTitle "EXT 2024"]
[Source "ChessBase"]
[SourceDate "2023.10.10"]
[SourceVersion "1"]
[SourceVersionDate "2023.10.10"]
[SourceQuality "1"]

1. e4 e5 2. Nf3 Nc6 3. Bc4 Bc5 4. d3 d6 5. c3 Nf6 6. 0-0 0-0 7. Nbd2 a5 8. Re1 Be6 9. Bb5 Bb6 10. Nf1 Ne7 11. d4 Ng6 12. h3 c6 13. Bd3 exd4 14. cxd4 d5 15. e5 Ne4 16. N1d2 Nxd2 17. Bxd2 h6 18. Be3 Nh4 19. Nd2 Nf5 20. Bxf5 Bxf5 21. Qf3 Qd7 22. Qg3 Kh7 23. f4 Bg6 24. Bf2 a4 25. Nf3 Be4 26. Rf1 Qe7 27. a3 c5 1/2-1/2

[Event "Asia-ch Rapid U20 Girls"]
[Site "Jamshedpur"]
[Date "2023.09.08"]
[Round "2"]
[White "Mrittika, Mallick"]
[Black "Sherali, Pattnaik"]
[Result "1-0"]
[WhiteElo "1794"]
[BlackElo "1349"]
[PlyCount "57"]
[EventDate "2023.09.08"]
[EventType "swiss (rapid)"]
[EventRounds "9"]
[EventCountry "IND"]
[SourceTitle "EXT 2024"]
[Source "ChessBase"]
[SourceDate "2023.10.10"]
[SourceVersion "1"]
[SourceVersionDate "2023.10.10"]
[SourceQuality "1"]

1. e4 e6 2. d4 d5 3. Nd2 Nf6 4. e5 Nfd7 5. Bd3 c5 6. c3 Nc6 7. Ne2 Qb6 8. Nf3 cxd4 9. cxd4 Bb4+ 10. Bd2 0-0 11. 0-0 f6 12. exf6 Nxf6 13. a3 Bd6 14. Bc3 Qc7 15. Ng3 Bd7 16. Qe2 Rae8 17. Ne5 Qb6 18. Rad1 Kh8 19. Bb1 a5 20. h4 a4 21. Qd3 Qd8 22. Qe2 Na5 23. Nh5 Nc4 24. Nxf6 Rxf6 25. Qh5 h6 26. Nf7+ Rxf7 27. Qxf7 Qxh4 28. f4 Re7 29. Qf8# 1-0

[Event "IND-ch (Women) 49th"]
[Site "Ahmedabad"]
[Date "2023.07.09"]
[Round "10"]
[White "Kalyani, Sirin"]
[Black "Mrittika, Mallick"]
[Result "1-0"]
[WhiteElo "1738"]
[BlackElo "2063"]
[PlyCount "123"]
[EventDate "2023.06.30"]
[EventType "swiss"]
[EventRounds "11"]
[EventCountry "IND"]
[SourceTitle "CBM 215 Extra"]
[Source "ChessBase"]
[SourceDate "2023.09.30"]
[SourceVersion "1"]
[SourceVersionDate "2023.09.30"]
[SourceQuality "1"]

1. e4 c5 2. Nf3 d6 3. d4 cxd4 4. Nxd4 Nf6 5. Nc3 a6 6. f3 e6 7. Be3 b5 8. a3 Nbd7 9. Qd2 Bb7 10. 0-0-0 Rc8 11. g4 h6 12. h4 d5 13. exd5 Nxd5 14. Nxd5 Bxd5 15. Kb1 e5 16. Re1 Be7 17. Nf5 Bxf3 18. Nxg7+ Kf8 19. Bxh6 Kg8 20. Rh3 Bxh4 21. Rxh4 Qxh4 22. Nf5 Qd8 23. Qd6 e4 24. Ne7+ Kh7 25. Be3 f6 26. Nxc8 Qxc8 27. g5 Kg6 28. gxf6 Nxf6 29. Be2 Bxe2 30. Rxe2 Rh1+ 31. Bc1 Qg4 32. Qd2 Qf3 33. Rf2 Qh5 34. Qd4 Rxc1+ 35. Kxc1 Qg5+ 36. Kb1 Qg1+ 37. Ka2 Qg5 38. b3 a5 39. Kb2 Qh4 40. Rg2+ Kf5 41. Qc5+ Ke6 42. Rg7 Nd5 43. Rg6+ Kf7 44. Rc6 Qh8+ 45. Ka2 Qe5 46. Rc8 b4 47. Qf8+ Kg6 48. Rc6+ Nf6 49. Qg8+ Kf5 50. Qc4 Nd5 51. Rc5 Ke6 52. Qa6+ Ke7 53. Qb7+ Ke6 54. Qc8+ Ke7 55. Qc6 Nc3+ 56. Ka1 Nd5+ 57. c3 Qf4 58. cxb4 Qf1+ 59. Rc1 Qd3 60. Qc4 Ne3 61. Qxd3 exd3 62. Re1 1-0

[Event "IND-ch (Women) 49th"]
[Site "Ahmedabad"]
[Date "2023.07.02"]
[Round "3"]
[White "Mrittika, Mallick"]
[Black "Divya, Deshmukh"]
[Result "0-1"]
[WhiteElo "2063"]
[BlackElo "2400"]
[PlyCount "106"]
[EventDate "2023.06.30"]
[EventType "swiss"]
[EventRounds "11"]
[EventCountry "IND"]
[SourceTitle "CBM 215 Extra"]
[Source "ChessBase"]
[SourceDate "2023.09.30"]
[SourceVersion "1"]
[SourceVersionDate "2023.09.30"]
[SourceQuality "1"]

1. e4 c6 2. d4 d5 3. Nc3 dxe4 4. Nxe4 Nf6 5. Qd3 g6 6. Nxf6+ exf6 7. Nf3 Na6 8. Bd2 Nc7 9. c4 Bd6 10. Qb3 0-0 11. 0-0-0 b5 12. c5 Be7 13. Bd3 Kg7 14. Be4 Be6 15. Qe3 Bd5 16. Qh6+ Kg8 17. h4 Re8 18. Ng5 fxg5 19. hxg5 Bxc5 20. dxc5 Rxe4 21. Bc3 Ne8 22. Bf6 Nxf6 23. gxf6 Qxf6 24. Qxh7+ Kf8 25. Qh8+ Ke7 26. Qxa8 Qf4+ 27. Kb1 Bxa2+ 28. Ka1 Bd5 29. Rhe1 Qc7 30. Kb1 Qa5 31. Rxe4+ Bxe4+ 32. Kc1 Qa1+ 33. Kd2 Qxb2+ 34. Ke3 Qb3+ 35. Kxe4 Qxd1 36. Qxa7+ Qd7 37. Qb6 Qd5+ 38. Kf4 Qxg2 39. Qc7+ Kf8 40. Qd8+ Kg7 41. Qd4+ Kh7 42. Qe3 Qd5 43. Qh3+ Kg8 44. Qa3 Qd4+ 45. Kg3 Kg7 46. Qa7 Qe5+ 47. Kg2 b4 48. Qb6 Qd5+ 49. Kg1 b3 50. Qb4 f5 51. Qc3+ Kf7 52. Qb4 Qd1+ 53. Kh2 Qh5+ 0-1

[Event "IND-ch (Women) 48th"]
[Site "Hatkanangale"]
[Date "2023.01.04"]
[Round "10"]
[White "Patil, Divya"]
[Black "Mrittika, Mallick"]
[Result "0-1"]
[WhiteElo "1559"]
[BlackElo "1867"]
[PlyCount "136"]
[EventDate "2022.12.26"]
[EventType "swiss"]
[EventRounds "11"]
[EventCountry "IND"]
[SourceTitle "CBM 212 Extra"]
[Source "ChessBase"]
[SourceDate "2023.03.31"]
[SourceVersion "1"]
[SourceVersionDate "2023.03.31"]
[SourceQuality "1"]

1. e4 c5 2. Nf3 d6 3. d4 cxd4 4. Nxd4 Nf6 5. Nc3 a6 6. Be2 e5 7. Nb3 Be7 8. Be3 Be6 9. 0-0 0-0 10. Kh1 Nc6 11. f4 exf4 12. Bxf4 d5 13. e5 Ne4 14. Nxe4 dxe4 15. Qe1 Bg5 16. Qg3 Bxf4 17. Qxf4 Qd5 18. Nd2 Qxe5 19. Qxe5 Nxe5 20. Nxe4 Rac8 21. c3 Rfd8 22. Rad1 Bd5 23. Bf3 Nxf3 24. gxf3 f5 25. Nd2 Bxa2 26. f4 Bd5+ 27. Kg1 b5 28. Kf2 b4 29. Rc1 Bb7 30. Nb1 Rc4 31. Kg1 Rd6 32. Rf2 Be4 33. b3 Rg6+ 34. Kf1 Bd3+ 35. Ke1 Re4+ 36. Kd2 Rd6 37. cxb4 Bxb1+ 38. Kc3 Rc6+ 39. Kb2 Rxc1 40. Kxc1 Bd3 41. Kd2 Bb5 42. h4 Rxb4 43. Kc3 Re4 44. Rf3 Kf7 45. h5 Be2 46. Rg3 Rxf4 47. Rg2 Bb5 48. Rh2 g5 49. hxg6+ hxg6 50. b4 g5 51. Rg2 g4 52. Rg1 Kf6 53. Rg2 Kg5 54. Rg1 Rf1 55. Rg2 f4 56. Kd4 f3 57. Rd2 Re1 58. Kc5 g3 59. Kb6 g2 60. Rd5+ Kf6 61. Ka5 Ra1+ 62. Kb6 g1Q+ 63. Kb7 Rd1 64. Rxb5 axb5 65. Kc6 Rc1+ 66. Kb7 Qg7+ 67. Kb8 Qc7+ 68. Ka8 Ra1# 0-1